Learning Resource and Development

Electrical installation calculations. (Record no. 29027)

MARC details
000 -LEADER
fixed length control field 02687cam a22004338i 4500
001 - CONTROL NUMBER
control field 22325619
003 - CONTROL NUMBER IDENTIFIER
control field CSPC
005 - DATE AND TIME OF LATEST TRANSACTION
control field 20251006162736.0
008 - FIXED-LENGTH DATA ELEMENTS--GENERAL INFORMATION
fixed length control field 211130s2022 enk 001 0 eng
010 ## - LIBRARY OF CONGRESS CONTROL NUMBER
LC control number 2021058248
020 ## - INTERNATIONAL STANDARD BOOK NUMBER
International Standard Book Number 9781032193328
Qualifying information (pbk)
040 ## - CATALOGING SOURCE
Original cataloging agency DLC
Language of cataloging eng
Description conventions rda
Transcribing agency DLC
Modifying agency CSPC
042 ## - AUTHENTICATION CODE
Authentication code pcc
043 ## - GEOGRAPHIC AREA CODE
Geographic area code e-uk---
050 00 - LIBRARY OF CONGRESS CALL NUMBER
Classification number TK3221
Item number .K57 2022
082 00 - DEWEY DECIMAL CLASSIFICATION NUMBER
Classification number 621.3192
Item number K647e
Edition number 23/eng/20220124
100 1# - MAIN ENTRY--PERSONAL NAME
Personal name Kitcher, Chris,
Relator term author.
245 10 - TITLE STATEMENT
Title Electrical installation calculations.
Name of part/section of a work Advanced /
Statement of responsibility, etc. Christopher Kitcher and A.J. Watkins.
250 ## - EDITION STATEMENT
Edition statement Ninth edition.
263 ## - PROJECTED PUBLICATION DATE
Projected publication date 2207
264 #1 - PRODUCTION, PUBLICATION, DISTRIBUTION, MANUFACTURE, AND COPYRIGHT NOTICE
Place of production, publication, distribution, manufacture Abingdon, Oxon ;
-- New York, NY :
Name of producer, publisher, distributor, manufacturer Routledge,
Date of production, publication, distribution, manufacture, or copyright notice 2022.
300 ## - PHYSICAL DESCRIPTION
Extent x, 230 pages ;
Dimensions 20 cm.
336 ## - CONTENT TYPE
Content type term text
Content type code txt
Source rdacontent
337 ## - MEDIA TYPE
Media type term unmediated
Media type code n
Source rdamedia
338 ## - CARRIER TYPE
Carrier type term volume
Carrier type code nc
Source rdacarrier
505 0# - FORMATTED CONTENTS NOTE
Formatted contents note Use of calculators -- Simple transposition of formulae -- SI units -- Conductor colour identification -- Alternating current circuit calculations -- Waveform and phasor representation of alternating current and voltages -- Parallel circuits involving resistance, inductance and capacitance -- Power-factor improvement -- Three-phase circuit calculations -- Voltmeters and ammeters: changing the use and extending the range -- Alternating current motors -- Application of diversity factors -- Cable selection -- Lighting calculations -- Mechanics -- Miscellaneous examples -- Photovoltaic calculations -- Formulae.
520 ## - SUMMARY, ETC.
Summary, etc. "This new edition gives ring final circuit calculations, test procedures and interpretation of results, testing of 3 phase motors, risk level calculations for surge protection, and updated PV calculations to include self consumption. For Level 3 courses, updated with the 18th Edition of the Wiring Regs"--
Assigning source Provided by publisher.
650 #0 - SUBJECT ADDED ENTRY--TOPICAL TERM
Topical term or geographic name entry element Electric wiring
General subdivision Mathematics.
650 #0 - SUBJECT ADDED ENTRY--TOPICAL TERM
Topical term or geographic name entry element Electric wiring
General subdivision Standards
Geographic subdivision Great Britain.
650 #0 - SUBJECT ADDED ENTRY--TOPICAL TERM
Topical term or geographic name entry element Buildings
General subdivision Electric equipment
-- Installation
-- Mathematics.
650 #0 - SUBJECT ADDED ENTRY--TOPICAL TERM
Topical term or geographic name entry element Electrical engineers
General subdivision Certifification
Geographic subdivision Great Britain.
650 #0 - SUBJECT ADDED ENTRY--TOPICAL TERM
Topical term or geographic name entry element National Vocational Qualifications (Great Britain)
700 1# - ADDED ENTRY--PERSONAL NAME
Personal name Watkins, A. J.
Fuller form of name (Albert James),
Dates associated with a name 1925-
Relator term author.
776 08 - ADDITIONAL PHYSICAL FORM ENTRY
Relationship information Online version:
Main entry heading Kitcher, Chris.
Title Electrical installation calculations
Edition Ninth edition.
Place, publisher, and date of publication Abingdon, Oxon ; New York, NY : Routledge, [2022]
International Standard Book Number 9781003258728
Record control number (DLC) 2021058249
906 ## - LOCAL DATA ELEMENT F, LDF (RLIN)
a 7
b cbc
c orignew
d 1
e ecip
f 20
g y-gencatlg
942 ## - ADDED ENTRY ELEMENTS (KOHA)
Source of classification or shelving scheme Dewey Decimal Classification
Koha item type Books
Edition 23
Classification part 621.3192
Item part K647e
Call number prefix ENG
Call number suffix 2022
Suppress in OPAC No
Holdings
Withdrawn status Lost status Source of classification or shelving scheme Damaged status Not for loan Home library Current library Shelving location Date acquired Total Checkouts Full call number Barcode Date last seen Copy number Price effective from Koha item type
    Dewey Decimal Classification     Main Library Main Library Engineering Section 03/06/2025   ENG 621.3192 K647e 2022 029089 03/06/2025 1-2 03/06/2025 Books
    Dewey Decimal Classification     Main Library Main Library Engineering Section 10/06/2025   ENG 621.3192 K647e 2022 030383 10/06/2025 2-2 10/06/2025 Books